| 000 | 00564cam a22001933a 4500 | ||
|---|---|---|---|
| 001 | 40128 | ||
| 003 | PGUSA | ||
| 005 | 20140828083908.0 | ||
| 008 | 120703s2012||||xxu|||||s|||||000 | eng d | ||
| 040 |
_aPGUSA _beng |
||
| 042 | _adc | ||
| 245 | 1 | 0 |
_aBlackwood's Edinburgh Magazine, Volume 64, No.394, August, 1848 _h[electronic resource] / _cVarious |
| 260 |
_bProject Gutenberg, _c2012 |
||
| 506 | _aPublic domain in the USA. | ||
| 516 | _aElectronic text | ||
| 830 | 0 |
_aProject Gutenberg _v40128 |
|
| 856 | 4 | 0 | _uhttp://www.gutenberg.org/ebooks/40128 |
| 942 | _cEB | ||
| 999 |
_c269381 _d269381 |
||